| 000 | 00911nam a22002415a 4500 | ||
|---|---|---|---|
| 003 | OSt | ||
| 005 | 20170320122217.0 | ||
| 008 | 170313s2009 ua frb 000 0 ara d | ||
| 015 | _a2008 / 24097 | ||
| 020 | _a9789770458740 | ||
| 040 |
_aEG-ScBUE _bara _cEG-ScBUE |
||
| 043 | _af-ae--- | ||
| 082 | 0 | 4 |
_a346.65486 _bع ب س _222 |
| 100 | 1 | _aعبسي، عصام مالك أحمد. | |
| 245 | 1 | 2 |
_aالترخيص الإجباري لاستغلال براءة الاختراع : _bدراسة مقارنة / _cإعداد عصام مالك أحمد العبسي. |
| 260 |
_aالقاهرة : _bدار النهضة العربية، _c2009. |
||
| 300 |
_a152 ص. ؛ _c24 سم. |
||
| 504 | _aيشتمل على إرجاعات ببليوجرافية. | ||
| 650 | 7 |
_2BUEsh _aبراءات الاختراع _xقوانين وتشريعات _zالجزائر. |
|
| 651 | _2BUEsh | ||
| 653 |
_bLLAAWW _cMarch2017 |
||
| 942 | _2ddc | ||
| 999 |
_c24487 _d24459 |
||